000 00452 a2200109 4500
001 ART_15665
005 20260410161918.0
008 260409a
245 1 0 _aConfiabilidad sobre información contable social y ambiental. Estado de situación 2011.
100 1 _aRodríguez de Ramírez, María del Carmen
773 0 _tDocumentos de trabajo de contabilidad, auditoría y responsabilidad social
_g- Año 2, Nº 4 (dic. 2012)
_wREV14385
999 _c27451
_d27451